[Event "Campeonato Brasileiro Amador 2019 U1800"]
[Site "Sao Paulo"]
[Date "2019.06.20"]
[Round "2.22"]
[White "Rial, Antonio Marcos Pinon"]
[Black "Olivo, Anibal Ribeiro"]
[Result "0-1"]
[WhiteElo "1735"]
[BlackElo "1616"]
[PlyCount "122"]
[EventDate "2019.06.20"]

1. d4 Nf6 2. Nf3 g6 3. Nc3 Bg7 4. Bf4 Nh5 5. Bg5 h6 6. Bh4 O-O 7. e3 d6 8. Be2
Nf6 9. O-O Bf5 10. Bg3 Ne4 11. Nxe4 Bxe4 12. c4 Nd7 13. a4 b6 14. Nd2 Bb7 15.
b4 c5 16. bxc5 bxc5 17. Rb1 Rb8 18. Nb3 cxd4 19. exd4 e5 20. c5 dxc5 21. dxe5
Bxe5 22. Bxe5 Nxe5 23. Qxd8 Rfxd8 24. Nxc5 Bc6 25. Rxb8 Rxb8 26. Rd1 Rb2 27.
Re1 Nd7 28. Nd3 Rd2 29. a5 Bb5 30. Nf4 Bxe2 31. Nxe2 Ra2 32. h3 Rxa5 33. Nd4
Ra2 34. Re8+ Kg7 35. Re7 Nc5 36. Rc7 Nd3 37. f3 a5 38. Ra7 a4 39. Nb5 Nf4 40.
Kf1 Nxg2 41. Nc3 Ne3+ 42. Kg1 Ra3 43. Nxa4 Nf5 44. Ra6 Nh4 45. Nc5 Rxa6 46.
Nxa6 Nxf3+ 47. Kf2 Ne5 48. Nc5 f5 49. h4 g5 50. Ne6+ Kf6 51. Nd4 f4 52. hxg5+
hxg5 53. Nc2 g4 54. Ne1 Kg5 55. Kg1 f3 56. Nc2 Kf4 57. Nd4 g3 58. Nxf3 Kxf3 59.
Kf1 g2+ 60. Kg1 Nd3 61. Kh2 Kf2 0-1

[Event "Campeonato Brasileiro Amador 2019 U1800"]
[Site "Sao Paulo"]
[Date "2019.06.20"]
[Round "2.23"]
[White "Brujin, Homero"]
[Black "Canonico, Rodrigo"]
[Result "1-0"]
[WhiteElo "1485"]
[BlackElo "1714"]
[PlyCount "79"]
[EventDate "2019.06.20"]

1. c4 f5 2. Nc3 Nf6 3. Nf3 g6 4. g3 Bg7 5. Bg2 O-O 6. O-O d6 7. d4 Nc6 8. Re1
e5 9. dxe5 dxe5 10. Nd5 Nxd5 11. cxd5 Nb4 12. Qb3 Nxd5 13. Rd1 c6 14. e4 fxe4
15. Ng5 Bg4 16. Re1 Qb6 17. Qxb6 Nxb6 18. Nxe4 Rad8 19. Bg5 Rd4 20. Nc5 Rf7 21.
h3 Bc8 22. Be3 Rd8 23. b3 Nd5 24. Rad1 b6 25. Bg5 Rdf8 26. Ne4 h6 27. Bc1 Bf5
28. Nd6 Rf6 29. Ba3 Nc3 30. Rc1 Nxa2 31. Rxc6 Bxh3 32. Bxh3 Rxf2 33. Ne4 R2f3
34. Bxf8 Bxf8 35. Kg2 Rd3 36. Rc8 Kg7 37. Rf1 Bb4 38. Rc7+ Kg8 39. Be6+ Kh8 40.
Rc8+ 1-0

[Event "Campeonato Brasileiro Amador 2019 U1800"]
[Site "Sao Paulo"]
[Date "2019.06.20"]
[Round "2.24"]
[White "Da Silva, Matheus Lopes"]
[Black "Haraguchi, Diego Sashaki"]
[Result "0-1"]
[WhiteElo "1633"]
[BlackElo "1524"]
[PlyCount "148"]
[EventDate "2019.06.20"]

1. b4 e5 2. Bb2 d6 3. e4 Nf6 4. d3 Be6 5. Nf3 Nbd7 6. Be2 h6 7. Nbd2 Be7 8. d4
exd4 9. Nxd4 Nf8 10. O-O Bd7 11. Bc4 Ng6 12. Nf5 O-O 13. Nxe7+ Qxe7 14. Re1 Ne5
15. Be2 Nfg4 16. h3 Nf6 17. Bf1 Rae8 18. Nc4 Bc6 19. f3 Nh5 20. Nxe5 dxe5 21.
a3 Qg5 22. Bc1 Qg6 23. Be3 Rd8 24. Qc1 Bd7 25. g4 Nf6 26. Kh2 Bc6 27. b5 Bd7
28. a4 Nh7 29. Rd1 Qf6 30. Bg2 Be6 31. Rd2 Rxd2 32. Qxd2 Rd8 33. Qe2 Ng5 34.
Rd1 Rxd1 35. Qxd1 b6 36. Kg3 Nh7 37. f4 exf4+ 38. Bxf4 g5 39. Be3 Qc3 40. Qd2
Qe5+ 41. Kf2 Qf6+ 42. Bf3 Qe7 43. Bd4 Nf6 44. Qc3 Ne8 45. e5 Bd7 46. Bc6 Ng7
47. Bd5 Be6 48. Qc6 Qd8 49. Qa8 Qxa8 50. Bxa8 Kf8 51. Ke3 h5 52. Bf3 h4 53. Bc6
Bc4 54. Bg2 Ke7 55. Bb2 Ne6 56. Ba3+ Kd8 57. Bc1 Nf4 58. Kf2 Ne6 59. Be4 Ke7
60. Ba3+ Kd8 61. Kg1 Nf4 62. Bg2 Kd7 63. Bc1 Ne2+ 64. Kf2 Nxc1 65. Bf3 Na2 66.
Ke3 Nb4 67. Kd4 Be6 68. c4 c5+ 69. Kc3 Ke7 70. Ba8 f6 71. Be4 fxe5 72. Bb7 Kd6
73. Be4 Bf7 74. Bf5 Ke7 0-1

[Event "Campeonato Brasileiro Amador 2019 U1800"]
[Site "Sao Paulo"]
[Date "2019.06.20"]
[Round "2.25"]
[White "Nunes, Gustavo Morais"]
[Black "De Souza Jr, Fernando Luiz"]
[Result "1/2-1/2"]
[WhiteElo "1798"]
[BlackElo "1563"]
[PlyCount "122"]
[EventDate "2019.06.20"]

1. d4 Nf6 2. c4 e6 3. Nf3 d5 4. g3 c6 5. Bg2 Nbd7 6. Nbd2 Bd6 7. O-O O-O 8. Qc2
Qc7 9. b3 b6 10. Bb2 a5 11. a3 Ba6 12. Rac1 Rac8 13. Rfe1 Rfe8 14. e4 dxe4 15.
Nxe4 Nxe4 16. Qxe4 Nf6 17. Qh4 Qe7 18. Ra1 a4 19. c5 Bb8 20. cxb6 Nd5 21. Qxe7
Rxe7 22. bxa4 Nxb6 23. a5 Nd5 24. Rec1 Bd6 25. Bf1 Bxf1 26. Kxf1 Ra7 27. Ne5
Bxe5 28. dxe5 Rxa5 29. Rc4 g6 30. Rac1 Rb8 31. R1c2 Ne7 32. Ke2 Rd8 33. Bd4
Rdd5 34. Bc3 Ra8 35. a4 h5 36. f4 c5 37. Bd2 Nc6 38. Kf2 Na5 39. Rxc5 Rxc5 40.
Rxc5 Nb3 41. Rc2 Nxd2 42. Rxd2 Rxa4 43. Ke3 Kf8 44. Rd4 Ra3+ 45. Rd3 Ra4 46.
Rd2 Ke7 47. Rb2 Ra3+ 48. Kd4 Ra5 49. Kc4 Rd5 50. Rb7+ Ke8 51. Rb8+ Ke7 52. Rb7+
Ke8 53. h3 Kf8 54. Rb3 Ke7 55. Rd3 Rxd3 56. Kxd3 Kd8 57. Kc4 Kc8 58. Kc5 Kc7
59. g4 h4 60. Kb5 Kb7 61. Kc5 Kc7 1/2-1/2

[Event "Campeonato Brasileiro Amador 2019 U1800"]
[Site "Sao Paulo"]
[Date "2019.06.20"]
[Round "2.26"]
[White "Haraguchi, Matheus Sashaki"]
[Black "Palomino, Alexandre Cardoso De"]
[Result "1-0"]
[WhiteElo "1524"]
[BlackElo "1740"]
[PlyCount "94"]
[EventDate "2019.06.20"]

1. c4 Nf6 2. g3 c5 3. Bg2 Nc6 4. Nc3 e6 5. e4 d6 6. Nge2 Be7 7. O-O Bd7 8. d3
O-O 9. h3 Nd4 10. Nxd4 cxd4 11. Ne2 e5 12. b4 b5 13. cxb5 Bxb5 14. a4 Ba6 15.
f4 Rc8 16. b5 Bb7 17. Bd2 Nd7 18. Bb4 Nc5 19. Rc1 Qb6 20. Bxc5 Rxc5 21. Rxc5
Qxc5 22. Qb3 Qb6 23. Qb4 a5 24. Qb3 Bf6 25. g4 h6 26. Rc1 Rc8 27. Rxc8+ Bxc8
28. Qd5 Bb7 29. Qc4 Qd8 30. Bf3 Bc8 31. fxe5 dxe5 32. Ng3 g6 33. Nf1 Be6 34.
Qc6 Qc8 35. Qxc8+ Bxc8 36. Nd2 Be6 37. b6 Bd8 38. b7 Bc7 39. Bd1 f5 40. gxf5
gxf5 41. Bb3 Kf7 42. exf5 Bxb3 43. Nxb3 Kf6 44. Nxa5 Kxf5 45. Nc6 e4 46. b8=Q
Bxb8 47. Nxb8 exd3 1-0

[Event "Campeonato Brasileiro Amador 2019 U1800"]
[Site "Sao Paulo"]
[Date "2019.06.20"]
[Round "2.27"]
[White "De Oliveira, Joao Eudes"]
[Black "Paula, Hugo De Araujo"]
[Result "0-1"]
[WhiteElo "1717"]
[BlackElo "1557"]
[PlyCount "140"]
[EventDate "2019.06.20"]

1. d4 d5 2. Nf3 e6 3. Bg5 Nf6 4. e3 Nbd7 5. Nbd2 Be7 6. Bd3 c6 7. O-O O-O 8.
Ne5 c5 9. c3 c4 10. Bc2 g6 11. f4 Nh5 12. Bxe7 Qxe7 13. g4 Ng7 14. Ndf3 Nxe5
15. fxe5 Bd7 16. Qe2 Ne8 17. Qg2 Kg7 18. h4 h6 19. Rf2 Kg8 20. g5 h5 21. Raf1
Ng7 22. e4 Bc6 23. Nd2 Rab8 24. Rf4 dxe4 25. Bxe4 Bxe4 26. Nxe4 Nf5 27. Qf2 b6
28. Nf6+ Kg7 29. Re1 Rbd8 30. Kh2 b5 31. Qf3 Qc7 32. Kh3 Rb8 33. d5 exd5 34.
Nxd5 Qd7 35. Nf6 Qe6 36. Qd5 Rfd8 37. Qxe6 fxe6 38. Ne4 Rd3+ 39. Kh2 Rbd8 40.
Re2 R8d5 41. Nf6 Rd2 42. Rff2 Rxe2 43. Rxe2 Rd3 44. Ne4 Kf7 45. Rf2 Ke7 46. Nf6
a5 47. a3 Kd8 48. Re2 Nxh4 49. Ne4 Ke7 50. Nc5 Rd5 51. Nb7 a4 52. Na5 Nf3+ 53.
Kg2 Nxg5 54. Nc6+ Kd7 55. Nd4 Nf7 56. Rf2 Nxe5 57. Rf8 Nd3 58. Rf7+ Ke8 59. Rf6
Nxb2 60. Rxg6 Kf7 61. Rg3 Nd3 62. Rf3+ Ke7 63. Kf1 Rg5 64. Ke2 h4 65. Re3 e5
66. Nxb5 h3 67. Nd4 h2 68. Nf3 Rg2+ 69. Kd1 h1=Q+ 70. Ne1 Ra2 0-1

[Event "Campeonato Brasileiro Amador 2019 U1800"]
[Site "Sao Paulo"]
[Date "2019.06.20"]
[Round "2.28"]
[White "Ferreira, Raphael Suzuki"]
[Black "Neto, Valdeno Brito"]
[Result "0-1"]
[WhiteElo "1663"]
[BlackElo "1534"]
[PlyCount "136"]
[EventDate "2019.06.20"]

1. c4 e5 2. Nc3 Nc6 3. g3 f5 4. d3 Nf6 5. Bg2 Bc5 6. e3 O-O 7. Nge2 d6 8. a3 a5
9. O-O Qe8 10. d4 Ba7 11. dxe5 Nxe5 12. b3 Kh8 13. Bb2 Neg4 14. h3 Nxf2 15.
Kxf2 Qxe3+ 16. Ke1 Re8 17. Rf3 Qg1+ 18. Bf1 Qh1 19. Qd3 Bd7 20. Kd2 Ne4+ 21.
Nxe4 fxe4 22. Qc3 Re7 23. Rf4 Bxh3 24. Bxh3 Qxh3 25. Rh4 e3+ 26. Kc2 Qf5+ 27.
Qd3 Qxd3+ 28. Kxd3 Kg8 29. Rah1 g6 30. Bd4 Bxd4 31. Rxd4 Rae8 32. Rf4 Kg7 33.
Rhf1 h6 34. Rf6 g5 35. R6f5 b6 36. Rd5 Re6 37. Nd4 Re4 38. Ne2 Kg6 39. Rdf5
R8e7 40. Rf6+ Kg7 41. R6f3 R4e6 42. Nc3 e2 43. Re1 g4 44. Rf2 Re3+ 45. Kd2 Rxg3
46. Rfxe2 Rxe2+ 47. Rxe2 h5 48. Re7+ Kg6 49. Rxc7 h4 50. Rc6 h3 51. Rxd6+ Kf5
52. Ne2 Rxb3 53. Nd4+ Ke5 54. Rd5+ Kf4 55. Rf5+ Ke4 56. Rg5 Kxd4 57. Rxg4+ Kc5
58. Rh4 Rxa3 59. Kc2 Rg3 60. Kb2 Kb4 61. Kc2 Ka3 62. Rh6 Rg2+ 63. Kc3 h2 64.
Kd4 a4 65. Kc3 Ka2 66. Rh4 a3 67. Rh3 Kb1 68. Kb4 a2 0-1

[Event "Campeonato Brasileiro Amador 2019 U1800"]
[Site "Sao Paulo"]
[Date "2019.06.20"]
[Round "2.29"]
[White "Reis, Antonio Ferreira Da "]
[Black "Davanso, Joao Pedro"]
[Result "0-1"]
[WhiteElo "1482"]
[BlackElo "1655"]
[PlyCount "38"]
[EventDate "2019.06.20"]

1. e4 c5 2. Nf3 Nc6 3. d4 cxd4 4. Nxd4 e6 5. Nc3 Qc7 6. Ndb5 Qb8 7. Be3 a6 8.
Bb6 axb5 9. Nxb5 Ra4 10. Nc7+ Ke7 11. Bc5+ Kd8 12. Bxf8 Rxe4+ 13. Be2 Nd4 14.
Bxg7 Nxe2 15. Qd6 Qa7 16. Bxh8 Ng3+ 17. Kd1 Nxh1 18. Nb5 Nxf2+ 19. Kc1 Re1+ 0-1

[Event "Campeonato Brasileiro Amador 2019 U1800"]
[Site "Sao Paulo"]
[Date "2019.06.20"]
[Round "2.30"]
[White "Ramos, Beny Irwing Pankiewi"]
[Black "Yokomizo, Wilton"]
[Result "1-0"]
[WhiteElo "1654"]
[BlackElo "1468"]
[PlyCount "37"]
[EventDate "2019.06.20"]

1. Nf3 Nc6 2. b3 Nf6 3. Bb2 d6 4. e3 Bg4 5. Be2 g6 6. h3 Bf5 7. g4 Be4 8. g5
Bg7 9. gxf6 exf6 10. d3 Bd5 11. Nc3 Be6 12. Qd2 Qd7 13. h4 h5 14. Ne4 Ne5 15.
Nxe5 fxe5 16. O-O-O Bd5 17. f3 O-O-O 18. Qa5 a6 19. Qxd5 1-0

[Event "Campeonato Brasileiro Amador 2019 U1800"]
[Site "Sao Paulo"]
[Date "2019.06.20"]
[Round "2.31"]
[White "Bocca, Edson Ricardo"]
[Black "Da Cunha, Gabriela Goes"]
[Result "1/2-1/2"]
[WhiteElo "1645"]
[BlackElo "1457"]
[PlyCount "72"]
[EventDate "2019.06.20"]

1. e4 c5 2. Nf3 d6 3. Nc3 Nc6 4. Bb5 Bd7 5. O-O a6 6. Bxc6 Bxc6 7. d3 Nf6 8.
Re1 e5 9. Bg5 Be7 10. Qe2 O-O 11. h3 d5 12. exd5 Nxd5 13. Bxe7 Nxc3 14. Bxd8
Nxe2+ 15. Rxe2 Bxf3 16. gxf3 Rfxd8 17. Rae1 Rac8 18. Re4 h6 19. f4 Rd4 20. Kg2
Rxe4 21. Rxe4 Rc7 22. Kf3 Kh7 23. b3 Kg6 24. a4 b5 25. axb5 axb5 26. Rxe5 Rc6
27. b4 cxb4 28. Rxb5 Rxc2 29. Rxb4 Rd2 30. Rd4 Rd1 31. Rd7 Re1 32. Kg3 Kf6 33.
Kf3 Kg6 34. Kg3 Kf6 35. Kf3 Kg6 36. Kg3 Kf6 1/2-1/2

[Event "Campeonato Brasileiro Amador 2019 U1800"]
[Site "Sao Paulo"]
[Date "2019.06.20"]
[Round "2.32"]
[White "De Almeida, Jose Fernando Antune"]
[Black "Da Rocha, Lucas Sampaio"]
[Result "1-0"]
[WhiteElo "1357"]
[BlackElo "1637"]
[PlyCount "76"]
[EventDate "2019.06.20"]

1. e4 d6 2. d4 Nf6 3. Nc3 g6 4. Nf3 Bg7 5. Bc4 O-O 6. Be3 Nxe4 7. Nxe4 d5 8.
Bd3 dxe4 9. Bxe4 Nd7 10. O-O Nf6 11. Bd3 Ng4 12. c3 Nxe3 13. fxe3 Re8 14. Bc4
e6 15. Qb3 a6 16. a4 Qe7 17. Rae1 c5 18. e4 cxd4 19. cxd4 b5 20. axb5 Rb8 21.
e5 axb5 22. Ra1 Bb7 23. Be2 Bd5 24. Qe3 h6 25. Nd2 Qb4 26. b3 Re7 27. Bf3 Rd7
28. Bxd5 Rxd5 29. Nf3 Bf8 30. Ra7 Kg7 31. Qf4 Be7 32. Kh1 Rf8 33. h4 g5 34.
hxg5 hxg5 35. Nxg5 Rxd4 36. Nxe6+ fxe6 37. Qxf8+ Kg6 38. Qg8+ Kh6 1-0

[Event "Campeonato Brasileiro Amador 2019 U1800"]
[Site "Sao Paulo"]
[Date "2019.06.20"]
[Round "2.33"]
[White "Andreata, Mauro Antonio"]
[Black "Deste, Jair Francisco"]
[Result "1-0"]
[WhiteElo "1624"]
[BlackElo "1394"]
[PlyCount "77"]
[EventDate "2019.06.20"]

1. d4 d5 2. c4 Bf5 3. Nc3 e6 4. Nf3 Nc6 5. e3 Nf6 6. Be2 Bb4 7. O-O Bxc3 8.
bxc3 O-O 9. Bb2 Ne7 10. Qb3 b6 11. Ba3 Re8 12. Ne5 Nd7 13. f4 c5 14. cxd5 Nxe5
15. fxe5 Nxd5 16. c4 Ne7 17. dxc5 bxc5 18. Bxc5 Rb8 19. Qa3 Qd7 20. Rfd1 Qb7
21. Rac1 Nc6 22. Bf3 Rec8 23. Rd6 Qc7 24. Rxc6 Qxe5 25. Rxc8+ Rxc8 26. Bd4 Qc7
27. Qc3 f6 28. e4 e5 29. Bf2 Bg6 30. c5 Qc6 31. Qd3 Bf7 32. Rd1 Kf8 33. Bg4 Rb8
34. Qd6+ Qxd6 35. cxd6 Ke8 36. Bxa7 Ra8 37. d7+ Ke7 38. Bc5+ Kd8 39. Bb6+ 1-0

[Event "Campeonato Brasileiro Amador 2019 U1800"]
[Site "Sao Paulo"]
[Date "2019.06.20"]
[Round "2.34"]
[White "Kajiwara, Joao Kazuyuki"]
[Black "Potasso Junior, Alvaro"]
[Result "0-1"]
[WhiteElo "1316"]
[BlackElo "1606"]
[PlyCount "34"]
[EventDate "2019.06.20"]

1. Nf3 Nf6 2. g3 d6 3. Bg2 e5 4. d3 Be7 5. O-O Nc6 6. Nbd2 h6 7. c3 Bg4 8. h3
Be6 9. Kh2 Qd7 10. Ng1 d5 11. e4 h5 12. exd5 Nxd5 13. Re1 h4 14. Ndf3 hxg3+ 15.
fxg3 Nf6 16. Nxe5 Nxe5 17. Rxe5 Ng4+ 0-1

[Event "Campeonato Brasileiro Amador 2019 U1800"]
[Site "Sao Paulo"]
[Date "2019.06.20"]
[Round "2.35"]
[White "Nobre, Jose Adalberto Barbo"]
[Black "De Sousa E Silva, Luis Gonzaga"]
[Result "1-0"]
[WhiteElo "1593"]
[BlackElo "1298"]
[PlyCount "71"]
[EventDate "2019.06.20"]

1. e4 d5 2. e5 Nc6 3. d4 Bf5 4. a3 Na5 5. Nf3 e6 6. b4 Nc6 7. Bd2 Be4 8. Bc3
Nge7 9. Nbd2 Nf5 10. Nb3 b6 11. Bb5 Qd7 12. O-O Be7 13. Re1 a6 14. Bf1 O-O 15.
Nbd2 Bxf3 16. Nxf3 Qe8 17. Bd3 Nh4 18. Bb2 Nxf3+ 19. Qxf3 f5 20. Kh1 b5 21. Rg1
Qb8 22. g4 Qd8 23. gxf5 exf5 24. Rg3 Bh4 25. Rh3 Qe7 26. Rg1 Rf7 27. Qxd5 Bxf2
28. Qxc6 Bxg1 29. Qxa8+ Rf8 30. Qd5+ Kh8 31. Kxg1 Qg5+ 32. Rg3 Qh4 33. Qd7 g6
34. d5 f4 35. e6+ Kg8 36. Qg7# 1-0

[Event "Campeonato Brasileiro Amador 2019 U1800"]
[Site "Sao Paulo"]
[Date "2019.06.21"]
[Round "3.1"]
[White "Da Justa, Saulo Freitas"]
[Black "Abilhoa, Gustavo Auer"]
[Result "1-0"]
[WhiteElo "1659"]
[BlackElo "1767"]
[PlyCount "63"]
[EventDate "2019.06.20"]

1. Nf3 Nf6 2. d4 g6 3. g3 b5 4. c3 Bb7 5. Bg2 Bg7 6. Qb3 a6 7. Ne5 d5 8. a4 c6
9. Nd2 O-O 10. O-O Nbd7 11. f4 Nxe5 12. fxe5 Nd7 13. e4 Nb6 14. exd5 Nxd5 15.
Ne4 e6 16. Bg5 Qc7 17. Rf2 h6 18. Bd2 Rad8 19. Raf1 Nb6 20. Bh3 Nc4 21. Bc1 Bc8
22. Qc2 Nb6 23. Qe2 b4 24. Qg4 h5 25. Qg5 c5 26. Nf6+ Kh8 27. g4 Nd5 28. gxh5
cxd4 29. hxg6 Nxf6 30. exf6 fxg6 31. fxg7+ Kxg7 32. Qh6+ 1-0

[Event "Campeonato Brasileiro Amador 2019 U1800"]
[Site "Sao Paulo"]
[Date "2019.06.21"]
[Round "3.2"]
[White "Rodio, Julia Brunetto"]
[Black "Sousa, Fabio De Fatima"]
[Result "1-0"]
[WhiteElo "1756"]
[BlackElo "1695"]
[PlyCount "105"]
[EventDate "2019.06.20"]

1. Nc3 c5 2. e4 e6 3. Bc4 Nc6 4. d3 Nf6 5. Nf3 d5 6. exd5 exd5 7. Bb3 Be7 8.
O-O O-O 9. a3 h6 10. Bf4 a6 11. a4 Bg4 12. h3 Bh5 13. g4 Bg6 14. Ne2 Qd7 15.
Bg3 h5 16. g5 Nh7 17. h4 f6 18. Nf4 Bf5 19. g6 Bg4 20. Bxd5+ Kh8 21. gxh7 Kxh7
22. Be4+ f5 23. Bxc6 Qxc6 24. Ne5 Qh6 25. f3 Bxh4 26. Bxh4 Qxf4 27. fxg4 Qe3+
28. Kg2 Qxe5 29. Rxf5 Rxf5 30. gxf5 Qxf5 31. Qf3 Qg6+ 32. Kh2 Re8 33. Rg1 Qd6+
34. Bg3 Qg6 35. Bc7 Qh6 36. Bf4 Re2+ 37. Qxe2 Qxf4+ 38. Kh1 g6 39. Qe4 Qf6 40.
Qxb7+ Kh6 41. Qe4 h4 42. c3 g5 43. Qg4 Qe5 44. Qe4 Qd6 45. d4 cxd4 46. cxd4 Qd7
47. Qg4 Qd5+ 48. Qg2 Qf5 49. Rf1 Qe6 50. d5 Qe5 51. Qf3 Qb8 52. Qf6+ Kh5 53.
Qf7+ 1-0

[Event "Campeonato Brasileiro Amador 2019 U1800"]
[Site "Sao Paulo"]
[Date "2019.06.21"]
[Round "3.3"]
[White "De Moura, Valderi Nascimento"]
[Black "De Sousa, Alex Aecio"]
[Result "1-0"]
[WhiteElo "1735"]
[BlackElo "1692"]
[PlyCount "117"]
[EventDate "2019.06.20"]

1. e4 c5 2. Bc4 g6 3. a3 Bg7 4. Nc3 Nc6 5. Nf3 Nf6 6. e5 Nh5 7. Qe2 O-O 8. d3
Nd4 9. Nxd4 cxd4 10. Nd5 e6 11. Nf4 Qa5+ 12. b4 Qxe5 13. Qxe5 Bxe5 14. Nxh5
gxh5 15. O-O d5 16. Bb3 Bd7 17. f4 Bd6 18. Bb2 a5 19. Bxd4 axb4 20. a4 Rfc8 21.
Kh1 Bf8 22. Rf3 h4 23. f5 Bg7 24. f6 Bh6 25. a5 Ra6 26. Bb6 Rca8 27. Re1 Bd2
28. Re5 Rxb6 29. g3 Rxa5 30. Rh5 Bc6 31. d4 Ba4 32. gxh4 Bxb3 33. Rg3+ Kf8 34.
Rxh7 Ke8 35. Rg8+ Kd7 36. Rxf7+ Kc6 37. Rc8+ Kd6 38. Rff8 Ba4 39. Rcd8+ Bd7 40.
Rf7 Ra1+ 41. Kg2 Bc3 42. Rfxd7+ Kc6 43. Rd6+ Kc7 44. R8d7+ Kc8 45. Rd8+ Kc7 46.
R6d7+ Kc6 47. f7 Rc1 48. f8=Q Rxc2+ 49. Kh3 Rxh2+ 50. Kxh2 Bxd4 51. Qe8 Be5+
52. Kg2 Kc5 53. Rc8+ Kd4 54. Qh5 b3 55. Qd1+ Ke4 56. Rg8 b2 57. Qb1+ Ke3 58.
Rf7 Rb4 59. Qe1+ 1-0

[Event "Campeonato Brasileiro Amador 2019 U1800"]
[Site "Sao Paulo"]
[Date "2019.06.21"]
[Round "3.4"]
[White "Lara, Diego Costa"]
[Black "Da Rosa, Henrique Jaze Simoes"]
[Result "0-1"]
[WhiteElo "1729"]
[BlackElo "1645"]
[PlyCount "50"]
[EventDate "2019.06.20"]

1. d4 d5 2. c4 c6 3. cxd5 cxd5 4. Nc3 Nf6 5. Bg5 e6 6. Nf3 Be7 7. e3 O-O 8. Bd3
Nc6 9. a3 h6 10. Bh4 b6 11. Rc1 Bb7 12. O-O Rc8 13. Qe2 Qd7 14. Rc2 Na5 15. Ne5
Qd8 16. b4 Nc6 17. f4 Nd7 18. Bxe7 Qxe7 19. Rfc1 Ndxe5 20. fxe5 f6 21. exf6
Qxf6 22. Qh5 Nxd4 23. Nxd5 Bxd5 24. Rxc8 Qf2+ 25. Kh1 Qxg2# 0-1

[Event "Campeonato Brasileiro Amador 2019 U1800"]
[Site "Sao Paulo"]
[Date "2019.06.21"]
[Round "3.7"]
[White "Lima, Vinicius Taishun"]
[Black "Vitielo, Alecio Elias"]
[Result "1-0"]
[WhiteElo "1703"]
[BlackElo "1799"]
[PlyCount "101"]
[EventDate "2019.06.20"]

1. e4 c5 2. Nf3 d6 3. d4 cxd4 4. Nxd4 Nf6 5. Nc3 a6 6. f4 e5 7. Nf3 exf4 8.
Bxf4 Be7 9. Bd3 Qb6 10. Qd2 O-O 11. Be3 Qc7 12. O-O Nbd7 13. Qe1 Nc5 14. Nd4
Ne6 15. Nf5 Nc5 16. Qg3 Bxf5 17. Rxf5 Kh8 18. Rxc5 Qb6 19. Qxg7+ Kxg7 20. Rg5+
Kh6 21. Rg3+ Qxe3+ 22. Rxe3 Rg8 23. Rf1 Kg7 24. Ref3 Raf8 25. Kh1 Bd8 26. Bc4
b5 27. Bd3 Re8 28. Rf4 Rgf8 29. a4 b4 30. Ne2 d5 31. Ng3 dxe4 32. Bxa6 Nd5 33.
Rxe4 Rxe4 34. Nxe4 Ne3 35. Rc1 Re8 36. Bd3 f5 37. Nd6 Rf8 38. Nc4 Ng4 39. h3
Nf2+ 40. Kg1 Bh4 41. Rf1 Ne4 42. Bxe4 fxe4 43. Rxf8 Kxf8 44. Kf1 Bf6 45. Ke2
Bd4 46. b3 Ke7 47. Nd2 Ke6 48. Nxe4 Kf5 49. Nf2 Bc5 50. Nd3 Bd6 51. a5 1-0

[Event "Campeonato Brasileiro Amador 2019 U1800"]
[Site "Sao Paulo"]
[Date "2019.06.21"]
[Round "3.8"]
[White "Vieira, Paulo Cesar"]
[Black "Teramoto, Anderson"]
[Result "1-0"]
[WhiteElo "1794"]
[BlackElo "1674"]
[PlyCount "65"]
[EventDate "2019.06.20"]

1. e4 g6 2. d4 Bg7 3. Nc3 d6 4. Bc4 Nf6 5. f3 O-O 6. Nge2 c6 7. Be3 d5 8. Bb3
dxe4 9. fxe4 e6 10. Bg5 Qa5 11. Qd2 b5 12. O-O Nbd7 13. a3 Bb7 14. e5 Ng4 15.
h3 Ngxe5 16. dxe5 Nxe5 17. Qf4 c5 18. Rad1 Qb6 19. Kh2 c4 20. Ba2 a5 21. Ng3 f6
22. Bh6 g5 23. Bxg5 fxg5 24. Qxg5 Bc6 25. Nce4 Ng6 26. c3 b4 27. Bb1 bxc3 28.
bxc3 Bxc3 29. Nh5 Be5+ 30. Kh1 c3 31. Nef6+ Bxf6 32. Nxf6+ Kg7 33. Rd7+ 1-0

[Event "Campeonato Brasileiro Amador 2019 U1800"]
[Site "Sao Paulo"]
[Date "2019.06.21"]
[Round "3.9"]
[White "Lima, Aine Carolina"]
[Black "Da Silva, Joao Carlos Orguim"]
[Result "0-1"]
[WhiteElo "1665"]
[BlackElo "1793"]
[PlyCount "112"]
[EventDate "2019.06.20"]

1. e4 c5 2. Nc3 Nc6 3. g3 g6 4. Bg2 Bg7 5. d3 d6 6. Be3 e5 7. Qd2 Nge7 8. Nge2
O-O 9. O-O Be6 10. Bh6 Qd7 11. Bxg7 Kxg7 12. f4 Nd4 13. Nd1 Bh3 14. c3 Bxg2 15.
Kxg2 Nxe2 16. Qxe2 Qc6 17. Kg1 exf4 18. Rxf4 f5 19. exf5 Nxf5 20. Re4 Rae8 21.
Nf2 Rxe4 22. Qxe4 Qxe4 23. Nxe4 h5 24. Re1 Re8 25. Kf2 b6 26. c4 Re6 27. b3 Nd4
28. Rd1 Kh6 29. h4 Re5 30. Nc3 Rf5+ 31. Kg2 Re5 32. Rd2 a6 33. Kf2 Rf5+ 34. Kg2
Re5 35. Kf2 Nf5 36. Nd5 b5 37. Kg2 b4 38. Nf6 Nd4 39. Ne4 Nf5 40. Nf6 Re6 41.
Ne4 Re8 42. Rf2 a5 43. Kh3 Ra8 44. g4 hxg4+ 45. Kxg4 Ne3+ 46. Kf3 Nf5 47. Kg4
a4 48. h5 axb3 49. axb3 Nd4 50. Rf6 Nxb3 51. Rxg6+ Kh7 52. Nf6+ Kh8 53. h6 Rf8
54. Kg5 Nd4 55. Rg7 Ne6+ 56. Kg6 Rxf6+ 0-1

[Event "Campeonato Brasileiro Amador 2019 U1800"]
[Site "Sao Paulo"]
[Date "2019.06.21"]
[Round "3.10"]
[White "Silva, Rodrigo Souza"]
[Black "Nobre, Jailson Altair Barbo"]
[Result "1/2-1/2"]
[WhiteElo "1769"]
[BlackElo "1695"]
[PlyCount "103"]
[EventDate "2019.06.20"]

1. e4 c5 2. Nf3 e6 3. d4 cxd4 4. Nxd4 a6 5. Be3 Qc7 6. Nc3 Nf6 7. f3 Bb4 8. Qd2
d5 9. Bd3 dxe4 10. fxe4 Bxc3 11. bxc3 O-O 12. h3 Qg3+ 13. Bf2 Qc7 14. O-O Nbd7
15. Bh4 b5 16. Rae1 Bb7 17. Bxf6 Nxf6 18. Re3 Nd7 19. Qf2 Qxc3 20. Rg3 Qc7 21.
h4 g6 22. h5 Qe5 23. h6 Bxe4 24. Re1 f5 25. Bxe4 fxe4 26. Qe3 Rf6 27. Rg5 Qf4
28. Qxf4 Rxf4 29. Nxe6 Rh4 30. g3 Rxh6 31. Rxe4 Re8 32. Rd4 Nf6 33. Nf4 Rc8 34.
a4 Rxc2 35. axb5 axb5 36. Rxb5 Rhh2 37. Rb7 Rhd2 38. Rxd2 Rxd2 39. Kf1 Rd7 40.
Rb6 Kf7 41. Ke2 Re7+ 42. Kf3 g5 43. Ng2 h5 44. Rb5 Kg6 45. Ne3 Rd7 46. Rb6 Rd3
47. Kf2 Rxe3 48. Rxf6+ Kxf6 49. Kxe3 Kf5 50. Kf3 Ke5 51. Ke3 g4 52. Kd3 {
ilegivel} 1/2-1/2

[Event "Campeonato Brasileiro Amador 2019 U1800"]
[Site "Sao Paulo"]
[Date "2019.06.21"]
[Round "3.11"]
[White "Fischer Schilling, Ian"]
[Black "Saito, Helio Tsutomu"]
[Result "1-0"]
[WhiteElo "1763"]
[BlackElo "1668"]
[PlyCount "161"]
[EventDate "2019.06.20"]

1. e4 d6 2. d4 Nf6 3. Nc3 g6 4. h4 c6 5. Bd3 Qb6 6. Nge2 a5 7. Na4 Qc7 8. c4
Na6 9. Be3 Ng4 10. Bg5 h6 11. Bd2 c5 12. f3 Nf6 13. d5 Bg7 14. Bc2 Bd7 15. Nac3
Nb4 16. a3 Nxc2+ 17. Qxc2 O-O 18. a4 h5 19. O-O-O b5 20. cxb5 Qb6 21. Be3 Rfc8
22. Nb1 Bxb5 23. axb5 Qxb5 24. Na3 Qb7 25. Nc4 Nd7 26. Nc3 Rcb8 27. Kd2 Qb4 28.
Kd3 a4 29. Ra1 Bxc3 30. Qxc3 Qb5 31. Rhc1 Ne5+ 32. Kd2 Nxc4+ 33. Qxc4 Qxb2+ 34.
Qc2 Qf6 35. Qc3 Qxh4 36. Ke2 Rb3 37. Qd2 Qf6 38. Rab1 Rab8 39. Rxb3 Rxb3 40.
Rc2 a3 41. Qc1 Rb2 42. Kd1 Rxc2 43. Qxc2 Qa1+ 44. Qc1 Qa2 45. Bd2 Qb3+ 46. Qc2
Qb5 47. Ke1 Qa6 48. Qa2 Qd3 49. Qa1 f6 50. Bc1 Qc2 51. Qxa3 Qxg2 52. Qe3 g5 53.
Qf2 Qh1+ 54. Qf1 Qh2 55. Bd2 h4 56. Be3 Qa2 57. Qb5 Kf7 58. Qd7 Qa1+ 59. Kf2
Qb2+ 60. Kg1 Qe5 61. Qg4 Kg7 62. Kg2 Qb2+ 63. Kf1 Qe5 64. Qe6 Qxe6 65. dxe6 Kg6
66. Bd2 Kh5 67. Kg2 Kg6 68. Kh3 f5 69. Bc3 c4 70. e5 d5 71. Bb4 f4 72. Bxe7 Kf5
73. Bxg5 Kxe6 74. Bxf4 c3 75. Kxh4 d4 76. Kg3 d3 77. Kf2 c2 78. Ke1 c1=Q+ 79.
Bxc1 Kxe5 80. f4+ Kf5 81. Be3 1-0